| 000 | | | 04965nmc2a22002773x 450 |
| 001 | | | 5330b8f3-64c9-4c56-b163-e2829abf3cfa |
| 005 | | | 20241016162005.0 |
| 100 | ## | $a | 20240418l17971797k l0rusy0189 ca |
| 101 | 0# | $a | rus |
| 102 | ## | $a | RU |
| 105 | ## | $a | y### |
| 122 | 2# | $a | d |
| 200 | 1# | $a | Ведомости, получаемые из Орловского приказа общественного призрения, о состоянии народных училищ Орловской губернии за первую половину 1797 года |
| | $j | 15 июля - 10 августа 1797 г. |
| 215 | ## | $a | 4 л. |
| | $d | 36,5х26 см |
| 251 | ## | $c | Дело |
| 300 | ## | $a | Секретарь Василий [Говоров] |
| 300 | ## | $a | На обложке имеются пометы |
| 300 | ## | $a | Ориг. заголовок дела: Дело в Комиссию об учреждении училищ из Орловского приказа общественного призрения. Поданные в приказ от господина директора народных училищ Орловской губернии коллежского асессора Измайлова ведомости: 1) о состоянии народных училищ; 2) о числе учеников, находящихся в училищах при нем оригиналами в Комиссию препровождаются с таковым при том уведомлением, что в течение январской этого 1797 года трети дел по приказу, касающихся училищ, не имелось, 15 июля 1797 года. 15 июля 1797 г. - 10 августа 1797 г |
| 371 | ## | $a | Документ не является опубликованным и широко распространяемым |
| 461 | #0 | $1 | 00174716ac7-ef0a-4ce9-889f-df06b5c6e13c |
| | $1 | 2001 |
| | $a | Комиссия об учреждении народных училищ |
| | $1 | 251 |
| | $c | Фонд |
| | $1 | 852 |
| | $j | 730 |
| 462 | #0 | $1 | 001e6616291-8022-4671-9001-59f853d67170 |
| | $1 | 2001 |
| | $a | Журналы заседаний и определения Комиссии; ведомости приказов общественного призрения о состоянии и бюджете училищ, учителях, успехах учеников |
| | $1 | 251 |
| | $c | Опись |
| | $1 | 852 |
| | $j | 2 |
| 517 | 1# | $a | Дело в Комиссию об учреждении училищ из Орловского приказа общественного призрения. Поданные в приказ от господина директора народных училищ Орловской губернии коллежского асессора Измайлова ведомости: 1) о состоянии народных училищ; 2) о числе учеников, находящихся в училищах при нем оригиналами в Комиссию препровождаются с таковым при том уведомлением, что в течение январской этого 1797 года трети дел по приказу, касающихся училищ, не имелось, 15 июля 1797 года. 15 июля 1797 г. - 10 августа 1797 г |
| 801 | #0 | $a | RU |
| | $b | РГИА |
| | $c | 20240418 |
| | $g | RCR |
| 801 | #1 | $a | RU |
| | $b | ГлавНИВЦ |
| | $c | 20240418 |
| | $2 | rusmarc |
| 801 | #2 | $a | RU |
| | $b | ПБ им. Б.Н. Ельцина |
| | $c | 20241016 |
| | $g | RCR |
| | $2 | rusmarc |
| 850 | ## | $a | РГИА |
| 852 | ## | $a | РГИА |
| | $e | Федеральное казенное учреждение "Российский государственный исторический архив" (РГИА) |
| | $j | 438 |
| 937 | ## | $h | РГИА |
| | $d | 12413602 |
| | $a | ASBIBLIO_SCAN |
| 035 | ## | $a | RusGRCC00077539 |
| 856 | ## | $u | http://readingroom.main.prlib.ru/item.aspx?id_node=n194334420&mode=full |